Responses for show #4785 - Friday, May 27, 2005

Contestants

Tim Schwab, an ISO coordinator from Cheektowaga, New York

Charlie Kahn, a middle school math teacher from Versailles, Kentucky

Bob Shore, an attorney from Los Angeles, California (whose 2-day cash winnings total $47,602)

Jeopardy! Round responses

MEDICINE
BROADWAY DEBUTS
QUOTES FROM THE BATTLE OF THE SEXES
ALL SAINTS
"SMOKE"
MIRRORS
    $200 1
(Tim: What is cat scratch fever?)

kangarosis

BobTim
    $200 3
(Martin) Sheen

Bob
    $200 17
Margaret Thatcher

Tim
    $200 25
a lion

Tim
    $200 7
a smokehouse

Bob
    $200 12
(Tim: What is 1?)

2

CharlieTim
    $400 2
aspirin

Tim
    $400 18
Ray Liotta

Tim
    $400 22
(Sigmund) Freud

Tim
    $400 26
(Bob: Who is St. Louis?)

St. Martin

Bob
Triple Stumper
    $400 8
smoked salmon

Charlie
    $400 13
a telescope

Bob
    $600 4
an intern (internist accepted)

Tim
    $600 19
(Alex: Ahh, amazing, we got ya! [*] was on Broadway long before 60 Minutes.)

Mike Wallace

Triple Stumper
    $600 23
(William) Shakespeare

Tim
    $600 27
a ship

Triple Stumper
    $600 9
a smokestack

Bob
    $600 14
a rear-view mirror

Charlie
    $800 5
malaria

Tim
    $800 20
Wayne Brady

Tim
    $800 24
(Henry) Higgins

Bob
    $800 29
St. Ignatius

Triple Stumper
    $800 10
a smoke-filled room

Bob
    $800 15
(Tim: What is basalt?)
(Bob: What is pumice?)

obsidian

BobCharlieTim
    $1000 6
the liver

Bob
    $1000 21
(Charlie: Who is Beckham?)

Scary Spice (Melanie Brown)

Charlie
Triple Stumper
    $1000 30
(Charlie: Who is Kate Jackson?)

Farrah Fawcett

Charlie
Triple Stumper
    $1,200 28
St. Augustine

Tim
    $1000 11
a smoke jumper

Charlie
    $1000 16
(Alex: ...ending World War I.)

the Treaty of Versailles

Charlie

Scores at the first commercial break (after clue 16):

Bob Charlie Tim
$2,600 $4,000 $600

Scores at the end of the Jeopardy! Round:

Bob Charlie Tim
$3,000 $2,000 $4,400

Double Jeopardy! Round responses

A VISIT TO ANCIENT EGYPT
(Alex: ...with the Clue Crew.) ... (Alex: I want to our thanks on behalf of all of us here at Jeopardy! to National Geographic Expeditions and Abercrombie & Kent for their invaluable assistance in putting these clues together.)
THE NFL
SO, WHATCHA COMPOSIN'?
HAVE SOME LEFTOVERS!
BRITISH MONARCHS
PALINDROMIC WORDS
(Alex: Words that are the same backwards and forwards.)
    $400 11
the Valley of the Kings

Bob
    $400 12
Pittsburgh

Bob
    $400 6
Claude Debussy

Charlie
    $400 19
salt

Charlie
    $400 1
toot

Charlie
    $800 17
(Howard) Carter

Charlie
    $800 13
(Bob: Who are da [*]?)
(Alex: Da [*] is right.)

Bears

Bob
    $2,400 7
George Gershwin

Charlie
    $800 25
Irish stew

Bob
    $800 2
(Alex: What are [*] rules--same front and back.)

gag

Triple Stumper
    $1200 18
(Bob: Who is Ramses?)
(Alex: Which one?)
(Bob: The first?)
(Alex: No.)

Ramses II (or Ramses the Great)

BobTim
    $1200 14
the Giants

Bob
    $1200 8
(Tim: Who is [*]?)
(Alex: Yes. What? Who?)

Beethoven

Tim
    $1200 22
sukiyaki

Charlie
    $1200 3
eke

Tim
    $1600 20
Cheops (or Khufu)

Charlie
    $1600 15
(Kurt) Warner

Bob
    $1600 9
(Bob: Who is Dvorák?)
...
(Alex: That was music from the Moldau by [*].)
[ERRATUM: After the show, Alex explains that the wrong piece of music was played for this clue. "Fortunately it did not affect the outcome of the game."]

Bedrich Smetana

Bob
Triple Stumper
    $1600 23
eggplants

Tim
    $1600 27
Elizabeth I

Tim
    $1600 4
boob

Charlie
    $2000 21
Oedipus

Bob
    $2000 16
(Alex: [to Bob] Well done. You know your NFL.)

(Randy) Moss

Bob
    $2000 10
(Charlie) Gounod

Charlie
    $2000 24
artichokes

Charlie
    $2000 26
Charles II

Tim
    $2000 5
(Charlie: What is a seer?)
(Alex: No. ...That would be "rees" backwards.)
...
(Alex: She might have been a seer also, or a seeress. Who knows?)

a nun

Charlie
Triple Stumper

Scores at the end of the Double Jeopardy! Round:

Bob Charlie Tim
$9,400 $12,800 $13,200

[wagering suggestions for these scores]

Final Jeopardy! Round responses

BODIES OF WATER
BobWhat is Arno River?
$3,801
CharlieWhat is the Strait of Gibralter?
$12,800
TimWhat is Sea of Galilea
$12,800
the Strait of Gibraltar

Final scores:

Bob Charlie Tim
$5,599 $25,600 $400
2nd place: $2,000 New champion: $25,600 3rd place: $1,000

Game dynamics:

Coryat scores:

Bob Charlie Tim
$9,400 $11,200 $13,000
16 R,
4 W
16 R
(including 1 DD),
3 W
16 R
(including 1 DD),
3 W

Combined Coryat: $33,600

The J! Archive is created by fans, for fans. The Jeopardy! game show and all elements thereof, including but not limited to copyright and trademark thereto, are the property of Jeopardy Productions, Inc. and are protected under law. This website is not affiliated with, sponsored by, or operated by Jeopardy Productions, Inc. Join the discussion at JBoard.tv.